Reflexiones sobrel a investigación arqueológica en Costa Rica: Una perspectiva histórica /
Guardat en:
| Autor corporatiu: | |
|---|---|
| Format: | Desconegut |
| Publicat: |
San José, Costa Rica:
MULTIPRINT
|
| Matèries: | |
| Etiquetes: |
Afegir etiqueta
Sense etiquetes, Sigues el primer a etiquetar aquest registre!
|
MARC
| LEADER | 00000 a2200000 04500 | ||
|---|---|---|---|
| 001 | 45538 | ||
| 003 | cru CIDCACS/IIS | ||
| 005 | 20200925160126.0 | ||
| 008 | 991231s d | ||
| 020 | |a [sin ISBN] | ||
| 022 | |a [sin ISBN] | ||
| 040 | |c CRAI/IIS |a CRAI/IIS | ||
| 090 | |a HI05.01.01 C733r | ||
| 110 | |a Comisión Nacional Del V Centerario del Descubrimiento de América | ||
| 245 | |a Reflexiones sobrel a investigación arqueológica en Costa Rica: |b Una perspectiva histórica / |c Oscar Fonseca Zamora | ||
| 260 | |a San José, Costa Rica: |b MULTIPRINT | ||
| 300 | |a Páginas 41-54 | ||
| 650 | |a ARQUEOLOGIA | ||
| 650 | |a AMERICA | ||
| 650 | |a SITIOS ARQUEOLOGICOS | ||
| 650 | |a COSTA RICA | ||
| 942 | |2 ddc |c LI | ||
| 773 | 0 | |0 18230 |9 796 |a Comisión Nacional Del V Centerario del Descubrimiento de América |d San José, Costa Rica: MULTIPRINT |o 03113 |t Revista de la Comisión Nacional del V Centenario del Descubrimiento de América / |w (cru CIDCACS/IIS)45538 |z [sin ISBN] | |
| 999 | |c 3643 |d 3643 | ||
